000 01147nam a22003257i 4500
003 EG-GICUC
005 20260509113619.0
008 260509s2007 ua ||||fr|||| 00| 0 ara d
017 _a2007/7325
040 _a EG-GICUC
_bara
_c EG-GICUC
_d EG-GICUC
_erda
041 _aara
082 0 4 _221
_a341.48
_bر ض . م
092 0 4 _221
099 _aLaw1 11 341.48 ر ض . م 2007
100 0 _aرضا عبد العزيز
_eمعد.
245 1 2 _aالمبادئ والمعايير الدولية /
_cرضا عبد العزيز, جمال بركات.
264 _aالجيزة:
_bالمؤسسة المصرية للتدريب وحقوق الانسان,
_c2007.
300 _a103 ؛ صفحة
_c24 سم
336 _2rda content
_atext
337 _2rda media
_aComputer
338 _2rda carrier
_aOnline Resource
504 _a102 ببليوجرافيا: صفحة.
546 _aالنص باللغة العربية
650 1 _aدولي عام
650 1 _aحقوق الانسان
700 _aجمال بركات
_eمعد.
856 4 0 _uhttps://fll.law.cu.edu.eg/fulltext/bks/B11-10119.pdf
905 _a72
942 _2ddc
_cBK
_e21
_n0
999 _c76346
_d76346